000 00795nam a2200241Ia 4500
001 366
003 GE_BSU
008 181216s||||||||xx |||||||||||||| ||und||
020 _a9789941127908
040 _cGE_BSU
080 _a338.48(075.8)+339.1(075.8)
100 _aშუბლაძე, გიორგი;დოლიკაშვილი,ლ
245 _aტურიზმის მარკეტინგი
260 _aთბილისი
260 _bუნივერსალი
260 _c2009
300 _a398 გვ.
300 _bცხრ., ნახ.
541 _h20 ლ.
653 _aტურიზმის ეკონომიკა
653 _aტურისტული მომსახურეობის ბაზარი
942 _cBK
999 _c34604
_d34604